Compraventa : (Registro nro. 93688)
[ vista simple ]
| 000 -CABECERA | |
|---|---|
| Campo de control de longitud fija | 01172caa a22002652u 4500 |
| 001 - NÚMERO DE CONTROL | |
| Campo de control | ARTICULO-007696 |
| 003 - IDENTIFICADOR DEL NÚMERO DE CONTROL | |
| Campo de control | AR-TrUNPB |
| 007 - CAMPO FIJO DE DESCRIPCIÓN FÍSICA | |
| Campo de control de longitud fija | ta |
| 008 - CÓDIGOS DE INFORMACIÓN DE LONGITUD FIJA | |
| Campo de control de longitud fija | 180517b ag r 000 0 spa d |
| 040 ## - FUENTE DE LA CATALOGACIÓN | |
| Centro catalogador de origen | AR-TrUNPB |
| 245 10 - MENCIÓN DE TÍTULO | |
| Título | Compraventa : |
| Resto del título | pactos y cláusulas especiales, pacto comisorio, compraventa de inmuebles, resolución del boleto de compraventa, omisión del escribano de fijar el día y la hora de la escrituración, incorrecto ejercicio del pacto comisorio expreso, restitución del importe abonado por la compradora, improcedencia / |
| Mención de responsabilidad etc. | La Ley (Buenos Aires) |
| 300 ## - DESCRIPCIÓN FÍSICA | |
| Extensión | p. 270-273 |
| 500 ## - NOTA GENERAL | |
| Nota general | FALLO. TRIPOLI, LILIANA B. CONTRA TERZANO DE VICARIO, MARIA C |
| 590 ## - Nota local | |
| Nota local | Registros migrados a formato MARC |
| 650 #7 - PUNTO DE ACCESO ADICIONAL DE MATERIA - TÉRMINO DE MATERIA | |
| Término de materia o nombre geográfico como elemento inicial | ARGENTINA |
| Fuente del encabezamiento o término | |
| 9 (RLIN) | 1506 |
| 650 #7 - PUNTO DE ACCESO ADICIONAL DE MATERIA - TÉRMINO DE MATERIA | |
| Término de materia o nombre geográfico como elemento inicial | DERECHO CIVIL |
| Fuente del encabezamiento o término | Unescot |
| 9 (RLIN) | 2513 |
| 650 #7 - PUNTO DE ACCESO ADICIONAL DE MATERIA - TÉRMINO DE MATERIA | |
| Término de materia o nombre geográfico como elemento inicial | JURISPRUDENCIA |
| Fuente del encabezamiento o término | Unescot |
| 9 (RLIN) | 3981 |
| 650 #7 - PUNTO DE ACCESO ADICIONAL DE MATERIA - TÉRMINO DE MATERIA | |
| Término de materia o nombre geográfico como elemento inicial | COMPRA |
| Fuente del encabezamiento o término | Unescot |
| 9 (RLIN) | 2142 |
| 650 #7 - PUNTO DE ACCESO ADICIONAL DE MATERIA - TÉRMINO DE MATERIA | |
| Término de materia o nombre geográfico como elemento inicial | LEGISLACION |
| Fuente del encabezamiento o término | Unescot |
| 9 (RLIN) | 4018 |
| 650 #4 - PUNTO DE ACCESO ADICIONAL DE MATERIA - TÉRMINO DE MATERIA | |
| Término de materia o nombre geográfico como elemento inicial | FALLOS |
| 650 #4 - PUNTO DE ACCESO ADICIONAL DE MATERIA - TÉRMINO DE MATERIA | |
| Término de materia o nombre geográfico como elemento inicial | PACTO COMISORIO |
| 773 0# - ENLACE AL DOCUMENTO FUENTE | |
| Número bibliográfico anfitrión | 84492 |
| Otro identificador del documento | TP0000770 |
| Título | Doctrina judicial |
| Lugar editor y fecha de publicación | Buenos Aires : La Ley , 1994- |
| Número de control del registro relacionado | Revis2-000316 |
| Parte(s) relacionada(s) | M0021 : Vol. a.21, no. 21 (2005) ; p. 270-273 |
| Número de ítem anfitrión | 105414 |
| 942 ## - ENTRADA PARA ELEMENTOS AGREGADOS (KOHA) | |
| Koha [por defecto] tipo de item | Artículos |
| 910 ## - Catalogador e indizador | |
| Catalogador/fecha | sf080715 |
No hay ítems disponibles.